Significance and treatment of volatile organic compounds in water supplies

Αποθηκεύτηκε σε:
Λεπτομέρειες βιβλιογραφικής εγγραφής
Κύριος συγγραφέας: Ram, Neil M. 1952-
Άλλοι συγγραφείς: Christman, R. F. (Russell F.) 1936-, Cantor, Kenneth P.
Μορφή: Βιβλίο
Γλώσσα:English
Δημοσίευση: Chelsea : Lewis, 1990
Θέματα:
Ετικέτες: Προσθήκη ετικέτας
Δεν υπάρχουν, Καταχωρήστε ετικέτα πρώτοι!

MARC

LEADER 00000nam a2200000 i 4500
001 1/4364
008 960627s eng d
020 |a 0-87371-123-8 
035 |l 10015581 
040 |a GR-MY-UA  |b gre  |e aacr 
041 0 |a eng 
082 0 |a 363.61 
100 1 |a Ram, Neil M.  |d 1952- 
245 1 0 |a Significance and treatment of volatile organic compounds in water supplies /  |c Neil M. Ram, Russell F. Christman, Kenneth P. Cantor 
260 |a Chelsea :   |b Lewis,   |c 1990 
300 |a 558 p. 
504 |a Includes bibliographical references and index 
650 0 0 |a Water  |x Purification  |x Organic compounds removal. 
650 0 0 |a Drinking water  |x Contamination. 
650 0 0 |a Drinking water  |x Contamination  |z United States. 
700 1 |a Christman, R. F.  |q (Russell F.)  |d 1936- 
700 1 |a Cantor, Kenneth P. 
852 |a INST  |b LESVOS  |e 19960627  |h 363.61 RAM  |p 005100009697  |q 005100009697  |t BK  |y 0 
909 |a Λ  |b 044792 
950 |a 064/1995-10-24